| 000 | 00494nam a22001457a 4500 | ||
|---|---|---|---|
| 999 |
_c130425 _d130425 |
||
| 008 | 200318b ||||| |||| 00| 0 eng d | ||
| 050 | _aPL9681.1.R185 | ||
| 110 |
_aRanche House College _949710 |
||
| 245 |
_aComprehensive and systematic patterns of conversational Shona for the would-be speaker _cRanche House College |
||
| 250 | _a2nd. ed. | ||
| 260 |
_aHarare _bRanche House College _c1993 |
||
| 300 |
_a169p. ; _c31cm. |
||
| 650 |
_aShona language _xGrammar _943047 |
||
| 942 |
_2lcc _cMONOGRAPH |
||